000 00602nam a2200157 a 4500
008 120416s1982 ||||||||||||||||| || u
050 _aQA 278 Tak
100 _aTakeuchi, Kei
245 1 4 _aThe foundations of multivariate analysis
246 _aa unified approach by means of projection onto linear subspaces
260 _aNew Delhi
_bWiley Eastern Ltd
_c1982
300 _axi, 458p. : ill.
350 _a0.00
700 _aMukherjeel, B. N
995 _D0.00
_FCBU-MAIN LIBRARY (Kitwe)
_H1
_I13.20
_M1
_UAVAILABLE
_ZMain Library Open Access Collection
999 _c43907
_d43907